000 00775 a2200205 4500
020 _a0521636345
020 _a0521636345
040 _aDLC
_bDLC
082 0 0 _a192
245 0 4 _aThe Cambridge companion to Bertrand Russell
_cNicholas Griffin.
246 3 0 _aBertrand Russell
260 _aCambridge, U.K. ;
_aNew York :
_bCambridge University Press,
_c2003.
300 _axvii, 550 p. ;
_c24 cm.
600 1 0 _aRussell, Bertrand,
_d1872-1970.
700 1 _aGriffin, Nicholas.
856 4 1 _3Sample text
_uhttp://www.loc.gov/catdir/samples/cam033/2002031367.html
856 4 1 _3Table of contents
_uhttp://www.loc.gov/catdir/toc/cam031/2002031367.html
856 4 1 _3Publisher description
_uhttp://www.loc.gov/catdir/description/cam031/2002031367.html
942 _cBK
_k192 GRI
_2ddc
999 _c7024
_d7024